005570000a220008500045001000021000002450076000213000052000975200277001497730045004261 aBastenier, M. A.10aLa lengua latinoamericana no existe : El español en la prensa escrita aVol.0, núm.18 ( Marzo, 2007), Páginas 26-27 aConocedor a fondo de América Latina y de Colombia en particular, Miguel Ángel Bastenier, subdirector del diario español El País, reflexiona sobre cómo se escribe en la prensa en nuestro continente. Periodistas: pónganse la armadura. Es probable que les duela0 tArcadia / Andrés Felipe Solano, Editor